Statistiques concernant 1 Maillot = 1 Joueur

Cliquez ici pour prendre le quiz!

Statistiques générales

  • Ce quiz a été pris 172 fois
    (14 depuis la dernière actualisation)
  • Le résultat moyen est 10 sur 16

Statistiques - réponses

Réponse% Correct
Cristiano Ronaldo
100%
Messi
100%
Neymar
92%
Haaland
85%
Henry
85%
Bellingham
69%
Kane
69%
Ronaldinho
69%
Iniesta
62%
Kaka
62%
Mbappé
62%
Reus
38%
Gullit
31%
Klose
31%
Maldini
31%
Maradona
31%

Distribution des résultats

Percentile par nombre de réponses

% des personnes avec chaque résultat

Votre développement - résultats

Vous n’avez pas pris ce quiz depuis la dernière actualisation